000 00369cam a22001097a 4500
008 180718b xxu||||| |||| 00| 0 eng d
082 _aT4203x54 In2
245 _aBanking regulation act, 1949
_cby Ministry of Law and Justice, India
260 _aDelhi
_bGovernment of India Press
_c
500 _aContents: Library has 1966, 1972
700 _aIndia. Ministry of Law and Justice
999 _c498154
_d498154